00479nam a2200205Ia 4500003000900000008004100009040001300050040001300063041000800076100001900084245004100103250001200144260001200156260000900168300001100177300001000188490003500198490000600233600003400239IT-RoPAU120407s9999 xx 000 0 und d aIT-RoPAU cIT-RoPAU aita aKarles Prùmm aIl messaggio della lettera ai Romani aBrescia aPaideia c1964 a204 p. c21 cm aBibliotca di cultura religiosa v1 a1. Bibbia N.T. Romani -studio